00665nam a2200169Ia 4500008004100000020001800041041000800059082001700067100005600084245012900140250000600269260003900275300001300314650002000327999001900347952012900366210716s2012 xx 000 0 und d a9788131787007 aeng a005.365 SHAA aShalloway, Alan;Bain, Scott;Pugh, Ken;Kolsky, Amir. aEssential skills for the agile developer: a guide to better programming and design.bGuide to better programming and design. a1 aNew DelhibPearson Educationc2012 axxvi,234 aPrograms(005.3) c193047d193047 001040708MCAaAIMITbAIMITeAthulya Booksg399.00l0o005.365 SHAApMCA12555r2026-05-23 00:00:00v319.20w2021-07-16yBK